Letnie Igrzyska Olimpijskie - Statystyki

Ogólne statystyki
  • Ten quiz został rozwiązany 219 razy
  • Średni wynik to 26 z 32
Statystyki odpowiedzi
Rok Miasto % Poprawnych
1900 Paryż
100%
1924 Paryż
100%
2024 Paryż
100%
1896 Ateny
96%
2004 Ateny
96%
1908 Londyn
96%
1948 Londyn
96%
2012 Londyn
96%
1964 Tokio
96%
2020 Tokio
96%
1936 Berlin
92%
1980 Moskwa
92%
2008 Pekin
92%
2000 Sydney
92%
1932 Los Angeles
90%
1984 Los Angeles
90%
2028 Los Angeles
90%
2016 Rio de Janeiro
90%
1992 Barcelona
88%
1960 Rzym
81%
1988 Seul
76%
1996 Atlanta
75%
1972 Monachium
74%
1968 Meksyk
69%
1976 Montreal
66%
1912 Sztokholm
66%
1928 Amsterdam
65%
1952 Helsinki
65%
1956 Melbourne
55%
1920 Antwerpia
52%
2032 Brisbane
43%
1904 Saint Louis
37%
Nie znaleziono quizów pasujących do podanych kryteriów
Rozkład punktacji
Procent ludzi z każdym wynikiem
Percentyl według liczby udzielonych odpowiedzi
Twoja historia wyników
Nie rozwiązałeś tego quizu